Polska Rzeki Jeziora mapa cz1 - list - Statystyki

Ogólne statystyki
  • Ten quiz został rozwiązany 175 razy
  • Średni wynik to 23 z 48
Odpowiedzi na mapie
Odpowiedzi zakodowano w zielono-czerwonej skali na mapie do tego quizu, zgodnie z poniższymi procentami.
 
Statystyki odpowiedzi
Odpowiedź % Poprawnych
Odra
73%
Dunajec
64%
Wisła
64%
J. Łebsko
62%
J. Mamry
62%
Warta
62%
J. Śniardwy
60%
Nysa Kłodzka
60%
Nysa Łużycka
60%
San
60%
Bug
58%
J. Gopło
58%
Noteć
58%
Bóbr
56%
J. Wigry
56%
J. Dąbie
53%
J. Hańcza
53%
J. Jeziorak
53%
J. Solińskie
53%
Wieprz
53%
J. Goczałkowickie
51%
Drawa
49%
J. Gardno
49%
J. Jamno
49%
J. Włocławskie
49%
Kanał Wieprz-Krzna
49%
Łeba
49%
Narew
49%
Brda
47%
J. Zegrzyńskie
47%
Kanał Augustowski
47%
Pilica
47%
Biebrza
42%
J. Drawsko
40%
J. Miedwie
40%
J. Siemianowskie
40%
J. Sulejowskie
40%
Kanał Gliwicki
40%
Drwęca
38%
J. Żywieckie
38%
Nogat
38%
Kanał Bydgoski
36%
Nida
36%
Soła
36%
Kłodnica
33%
Barycz
31%
J. Jeziorsko
31%
Przemsza
24%
Nie znaleziono quizów pasujących do podanych kryteriów
Rozkład punktacji
Procent ludzi z każdym wynikiem
Percentyl według liczby udzielonych odpowiedzi
Twoja historia wyników
Nie rozwiązałeś tego quizu